Declaración de principios del gobierno de Chile

Tallennettuna:
Bibliografiset tiedot
Aineistotyyppi: Kirja
Kieli:espanja
Julkaistu: Santiago División de Comunicación Social. Ministerio Secretaría General de Gobierno 1974
Aiheet:
Tagit: Lisää tagi
Ei tageja, Lisää ensimmäinen tagi!

MARC

LEADER 00000nam a2200000 a 4500
001 UCG5338
003 CL-VaPUC
008 110303e19740000CL |||||||||||||||||spa|d
082 0 4 |a 320.011  |b DEC  |2 21 
245 1 0 |a Declaración de principios del gobierno de Chile 
300 |a 40 p 
942 |c BK 
945 |d 20110303 00:00:00  |a dcastane 
260 |a Santiago  |b División de Comunicación Social. Ministerio Secretaría General de Gobierno  |c 1974 
600 0 |a Pinochet Ugarte, Augusto,  |e 1915-2006  |9 374419 
600 0 |a Merino Castro, José Toribio,  |d 1915-1996  |9 378910 
600 0 7 |a MENDOZA DURAN, CESAR  |2 CL-VaPUC  |9 378908 
600 0 7 |a MATTHEI A., FERNANDO  |2 CL-VaPUC  |9 554980 
650 0 |a Política  |9 255312 
650 7 |a POLITICA INTERNA  |2 CL-VaPUC  |9 342443 
650 7 |a GOBIERNO POLITICA NACIONAL  |2 CL-VaPUC  |9 554981 
650 7 |a JUNTA DE GOBIERNO  |2 CL-VaPUC  |9 438229 
583 |a last modification  |c 20110303 00:00:00  |k Rodrigo Vera 
999 |c 343873  |d 343871 
952 |0 0  |1 0  |4 0  |6 320_011000000000000_DEC_1974  |7 0  |8 X  |9 441562  |a FDOBUD  |b FDOBUD  |d 2019-11-22  |i 4745469  |o 320.011 DEC 1974  |p 4745469  |r 2019-11-22  |w 2019-11-22  |y BK_X  |k BUD